000 00656nam a2200253Ia 4500
003 OSt
005 20220912150626.0
006 a|||||r|||| 00| 0
007 ta
008 220909b |||||||| |||| 00| 0 eng d
024 _a64904
037 _cTextual
040 _aCSL
_beng
_cCSL
041 _aeng
082 _aC150aE, M2
100 _aMassey H S Ed.
245 0 _aAtmospheric physics and chemistry
260 _aNew York
_b Academic
_c1982
300 _axiii,481p.
_ccm.
650 _aSpace
700 _a Bates D R Ed.
942 _hC150aE, M2
_cTEXL
_2CC
999 _c51327
_d51327